Sinemada ulusal tavır : (Record no. 13457)

MARC details
000 -BAŞLIK
Sabit Uzunlukta Kontrol Alanı 00984nam a2200265 4500
999 ## - SİSTEM KONTROL NUMARALARI (KOHA)
Koha Biblionumber 13457
Koha Biblioitemnumber 13457
003 - KONTROL NUMARASI IDENTIFIER
Denetim Alanı MIRAKIL
005 - SON İŞLEM TARİHİ VE ZAMANI
Denetim Alanı 20190801115642.0
008 - SABİT-BOY VERİ ELEMANLARI - GENEL BİLGİLER
Sabit Uzunlukta Kontrol Alanı 190801b tu ||||| |||| 00| 0 tur d
020 ## - ULUSLARARASI STANDART KİTAP NUMARASI
Uluslararası Standart Kitap Numarası 9789944880640
040 ## - KATALOGLAMA KAYNAK
Orijinal Kataloglama Ajansı TR-AnCHP
Metne Dönüştürmek Ajansı TR-AnCHP
041 ## - DİL KODU
Metin / Ses Parça Veya Ayrı Başlığın Dil Kodu tur
082 ## - DEWEY ONLU SINIFLANDIRMA NUMARASI
Sınıflandırma Numarası 791.430233092
Ürün Numarası S55 2007
245 10 - BAŞLIK TABLOSU
Başlık Sinemada ulusal tavır :
Başlığın Kalan Halit Refiğ kitabı /
Sorumluluk Tablosu, Vb söyleşi: Şengün Kılıç Hristidis.
246 ## - UNVAN FORM VARYING
Başlık Doğru / Kısa Başlığı Halit Refiğ kitabı
260 ## - YAYIN, DAĞITIM, VB
Yayın, Dağıtım, Vb Yeri İstanbul:
Yayıncı, Dağıtıcı, Vs Adı Türkiye İş Bankası Kültür Yayınları,
Yayın, Dağıtım, Vb Tarihi 2007.
Üretici Firma Ayhan Matbaası.
300 ## - FİZİKSEL TANIM
Kapsam 408 s.:
Diğer Fiziksel Ayrıntıları fotg.;
Boyutlar 19 sm.
490 0# - SERİSİ TABLOSU
Seri Beyanı Türkiye İş Bankası Kültür Yayınları ;
-- Nehir söyleşi ;
Hacim / Ardışık Tanımı genel yayın: 1207.
-- 27.
504 ## - KAYNAKÇA VB NOT
Kaynakça Vb Notu Dizin vardır.
600 #0 - KONU KATMA GİRİŞ - KURUMSAL ADI
9 (RLIN) 5939
Kişisel Ad Refiğ, Halit,
Bir Adıyla İlişkilendirilen Tarihler 1934-2009
Genel Alt Bölümü Yaşamöyküsü
650 #0 - KONU KATMA GİRİŞ - TOPİKAL DÖNEM
9 (RLIN) 5603
Topikal Süreli Veya Coğrafi Ad Giriş Elemanı Söyleşiler
650 #0 - KONU KATMA GİRİŞ - TOPİKAL DÖNEM
9 (RLIN) 5374
Topikal Süreli Veya Coğrafi Ad Giriş Elemanı Türk sineması
Genel Alt Bölümü Yönetmenler
-- Söyleşi
700 1# - KATMA GİRİŞ - KİŞİSEL İSİM
9 (RLIN) 1494
Kişisel Ad Hristidis, Şengün Kılıç
740 ## - KATMA GİRİŞ - KONTROLSUZ İLGİLİ / ANALİTİK BAŞLIK
Kontrol Edilmeyen / İlgili Analitik Başlıktaki Halit Refiğ kitabı
942 ## - EKLENDİ GİRİŞ ELEMANLARI (KOHA)
Sınıflandırma Veya Raf Düzeni Kaynak Dewey Decimal Classification
Koha Öğesi Türü Books
Holdings
Kalıcı Konum Mevcut Konum Edinme Tarihi Toplam Check-Out'Lar Tam Çağrı Numarası Barkod Tarih Son Görülme İtibaren Geçerli Fiyatlar Koha Öğesi Türü
CHP Kütüphanesi CHP Kütüphanesi 08/01/2019   791.430233092 S55 2007 011913 08/01/2019 08/01/2019 Books